Temperature biology of animals /

Bibliographic Details
Main Author: Cossins, Andrew R.
Other Authors: Bowler, K.
Format: Book
Language:English
Published: London ; New York : Chapman and Hall, 1987.
Subjects:

MARC

Tag First Indicator Second Indicator Subfields
LEADER 00000cam a2200000 a 4500
001 in00000014508
005 20151007052229.0
008 861113s1987 enka b 00110 eng
010 |a  86031057  
020 |a 0412159007 :  |c £30.00 
035 |a (OCoLC)14906023 
035 |9 AAA6877AM 
040 |a DLC  |c DLC  |d OCL  |d TXA  |d UtOrBLW 
049 |a TXAM  |c [A11462937] 
050 0 0 |a QP135  |b .C8 1987 
070 0 |a QP135.C8 
072 0 |a L600 
100 1 |a Cossins, Andrew R. 
245 1 0 |a Temperature biology of animals /  |c A.R. Cossins and K. Bowler. 
264 1 |a London ;  |a New York :  |b Chapman and Hall,  |c 1987. 
300 |a ix, 339 pages :  |b illustrations ;  |c 25 cm. 
336 |a text  |b txt  |2 rdacontent 
337 |a unmediated  |b n  |2 rdamedia 
338 |a volume  |b nc  |2 rdacarrier 
504 |a Bibliography: pages [294]-325. 
500 |a Includes index. 
650 0 |a Animal heat. 
650 0 |a Body temperature  |x Regulation. 
700 1 |a Bowler, K. 
948 |a cataloged  |b h  |c 2006/4/19  |d c  |e rdavis  |f 2:37:23 pm 
999 |a MARS 
999 f f |s a3a9067a-4390-3fd3-bf7b-b82ba43db661  |i ba2467d1-bccb-38e6-aac2-61a8bd4a33af  |t 0 
952 f f |p normal  |a Texas A&M University  |b College Station  |c Sterling C. Evans Library  |s Evans stk  |d Evans: Library Stacks  |t 0  |e QP135 .C8 1987  |h Library of Congress classification  |i unmediated -- volume  |m A14834050385 
998 f f |a QP135 .C8 1987  |t 0  |l Evans: Library Stacks